Matriculation physics and chemistry (Record no. 18679)

MARC details
000 -LEADER
fixed length control field 00541nam a2200193Ia 4500
003 - CONTROL NUMBER IDENTIFIER
control field IN-BaIIA
008 - FIXED-LENGTH DATA ELEMENTS--GENERAL INFORMATION
fixed length control field 211028s9999 xx 000 0 eng d
040 ## - CATALOGING SOURCE
Transcribing agency IIA Library
080 ## - UNIVERSAL DECIMAL CLASSIFICATION NUMBER
Universal Decimal Classification number [4]:01:00
Item number BAR
100 ## - MAIN ENTRY--PERSONAL NAME
Personal name Bart, Richard Gregory
9 (RLIN) 35762
245 #0 - TITLE STATEMENT
Title Matriculation physics and chemistry
Statement of responsibility, etc. Richard Gregory Bart, P. A. Dhond and M. R. Ingle
260 ## - PUBLICATION, DISTRIBUTION, ETC.
Place of publication, distribution, etc. London
Name of publisher, distributor, etc. Macmillan
Date of publication, distribution, etc. 1937
300 ## - PHYSICAL DESCRIPTION
Extent 728p.
650 ## - SUBJECT ADDED ENTRY--TOPICAL TERM
Topical term or geographic name entry element Chemistry
650 ## - SUBJECT ADDED ENTRY--TOPICAL TERM
Topical term or geographic name entry element Physics
9 (RLIN) 73
700 ## - ADDED ENTRY--PERSONAL NAME
Personal name Dhond, P. A
9 (RLIN) 35763
700 ## - ADDED ENTRY--PERSONAL NAME
Personal name Ingle, M. R
9 (RLIN) 35764
942 ## - ADDED ENTRY ELEMENTS (KOHA)
Koha item type Books
Holdings
Withdrawn status Lost status Damaged status Not for loan Home library Current library Shelving location Date acquired Total Checkouts Full call number Barcode Date last seen Price effective from Koha item type
        IIA Library-Bangalore IIA Library-Kodaikanal General Stacks 07/05/2013   52:53/ BAR 19601 05/11/2021 07/05/2013 Books

Powered by Koha